[Event "Salekhard-ch"]
[Site "Salekhard"]
[Date "2015.01.30"]
[Round "4"]
[White "Druchenko, Mikhail"]
[Black "Vastikhin , Kirill"]
[Result "1-0"]
[WhiteElo "1512"]
[BlackElo "1303"]
[PlyCount "95"]
[EventDate "2015.01.23"]
[EventType "swiss"]
[EventRounds "9"]
[EventCountry "RUS"]
[SourceTitle "CBM 164 Extra"]
[Source "ChessBase"]
[SourceDate "2015.03.02"]
[SourceVersion "1"]
[SourceVersionDate "2015.03.02"]
[SourceQuality "1"]

1. e4 e5 2. Nf3 Nc6 3. Bc4 Nf6 4. Ng5 d5 5. exd5 Na5 6. Bb5+ c6 7. dxc6 bxc6 8. Be2 h6 9. Nf3 e4 10. Ne5 Bd6 11. d4 c5 12. Bb5+ Nd7 13. Nxd7 Bxd7 14. Bxd7+ Qxd7 15. dxc5 Bxc5 16. Qxd7+ Kxd7 17. 0-0 Rae8 18. Nc3 Re7 19. Be3 Bb6 20. Nd5 Re6 21. Nxb6+ axb6 22. Rfd1+ Ke7 23. Rd4 Rd8 24. Rb4 Rdd6 25. Ra4 Kf6 26. Bd4+ Kg6 27. f4 f5 28. g4 Re7 29. gxf5+ Kxf5 30. Bxb6 Rxb6 31. Rxa5+ Kf6 32. b3 Rd6 33. Re1 e3 34. c4 e2 35. Rd5 Ra6 36. Re5 Rxa2 37. Kf2 Rea7 38. R1xe2 Rxe2+ 39. Rxe2 Ra3 40. Rb2 Ra8 41. Kg3 Ke6 42. b4 Kf5 43. b5 g5 44. fxg5 Kxg5 45. c5 Ra3+ 46. Kg2 Kf6 47. b6 Ra8 48. c6 1-0